| 000 | 00966nam a22002777a 4500 | ||
|---|---|---|---|
| 003 | DO-SdBNP | ||
| 005 | 20240305131111.0 | ||
| 007 | ta | ||
| 008 | 210510e2021 dr ac||erb||| 001 edspa d | ||
| 040 |
_aDO-SdBNP _bspa _cBNPHU |
||
| 041 | _hspa | ||
| 082 | 4 |
_a922.2 _bT183u _222 |
|
| 100 | 1 |
_aSangiovanni, María A. _944440 |
|
| 240 | _aUn hombre de Dios | ||
| 245 | 1 | 0 |
_aEmilien Tardif : _bun hombre de Dieu / _cMaría A. Sangiovanni ; traducción Raymond Savard , Raymond -Marie Audet |
| 260 |
_aSanto Domingo : _bAmigo del Hogar, _c2001. |
||
| 300 |
_a316 p. _bil., retrs. ; _c21 cm |
||
| 500 | _aIncluye datos biográficos de la autora en la contracubierta | ||
| 590 | _aInventariado, 2021/MFF | ||
| 600 | 1 | 0 |
_aTardif, Emiliano, _d1928-1999 _935030 |
| 650 | 4 |
_aSacerdotes _vBiografías _979663 |
|
| 650 | 4 |
_aMisioneros _vBiografías _979664 |
|
| 700 | 1 |
_aSavard , Raymond , _etr. _978559 |
|
| 700 | 1 |
_aAudet , Raymond-Marie , _etr. _978560 |
|
| 942 |
_2ddc _cLBS1 |
||
| 999 |
_c49807 _d49807 |
||